| 000 | 00724cam a2200265 4500 | ||
|---|---|---|---|
| 001 | 5955 | ||
| 003 | BD-RjUL | ||
| 005 | 20211208234147.0 | ||
| 008 | 140108s1973 enk 001 0 eng d | ||
| 020 | _a0582444160 | ||
| 035 | _a(BD-RjUL)5994 | ||
| 040 |
_aDLC _cDLC _dDLC _d(BD-RjUL) _beng |
||
| 041 | _aeng | ||
| 082 | 0 | 0 |
_a510 _bSTM |
| 100 | 1 |
_aStephenson, G. _q(Geoffrey), _d1927- _918717 |
|
| 245 | 1 | 0 |
_aMathematical methods for science students / _c[by] G. Stephenson. |
| 250 | _a2nd ed. | ||
| 260 |
_a[London] _bLongman, _c[1973] |
||
| 300 |
_aix, 528 p. ; _c22 cm. |
||
| 350 | _a£1.54 ($4.50 U.S.) | ||
| 504 | _aIncludes Index | ||
| 650 | 0 |
_aMathematics. _918718 |
|
| 942 |
_2ddc _cBK |
||
| 999 |
_c5955 _d5955 |
||